Foods That Start With A - Statistics

General Stats
  • This quiz has been taken 76 times
    55 since last reset
  • The average score is 6 of 10
Answer Stats
Hint Answer % Correct
Popular Fruit Apple
100%
Oval Shaped Nut Almond
90%
Ingredient Used in Guacamole Avocado
80%
Fish Used in Caeser Salad Dressing Anchovy
57%
Vegetable With a Head Asparagus
57%
Spice Containing Cinnamon and Nutmeg Allspice
53%
Liquorish-flavored Seeds Anise
53%
Popular Green Used in Salad Arugula
37%
Sweetener Similar to Honey Agave Nectar
29%
Candied Fruit Apricot
22%
No matching quizzes found
Score Distribution
Percent of People with Each Score
Percentile by Number Answered
Your Score History
You have not taken this quiz since the last reset